03629nam a2200373 a 4500003000500000005001700005007000300022008004100025020002200066040002300088050002100111082002600132100004400158245010500202250001700307264003700324300007800361336002700439337002700466338002800493504002800521505050100549520194201050650002502992650003103017650002003048650002403068650002003092650003003112650001803142650002903160700003403189700003203223CHAP20230502104228.0ta230428s2019 sp ado|fr|||| 001 0 spa d a978-84-16383-53-5 amxchpuacCHAPerda10aTS156b.M57 201900a658.562bM57 20192201 aMiranda González, Francisco J.eautor10aCalidad y excelencia / cFrancisco J. Miranda González, Antonio Chamorro Mera, Sergio Rubio Lacoba a1a edición aMadrid, España :bDelta,c2019 axvi, 286 páginas :bilustraciones, gráficas, diagramas, tablas, fotos 2rdacontentatextobtxt 2rdamediaasin mediobn 2rdacarrieravolumenbnc aIncluye bibliografías aCapítulo 1. Calidad: concepto y evolución histórica -- Capítulo 2. Los gurús de la calidad -- Capítulo 3. El modelo de gestión de la calidad total -- Capítulo 4. Herramientas para la gestión de la calidad -- Capítulo 5. Control estadístico de procesos -- Capítulo 6. Normalización y certificación -- Capítulo 7. La excelencia en la gestión -- Capítulo 8. Gestión de la calidad en los servicios -- Capítulo 9 La gestión de la calidad medioambiental -- Anexo aEste texto está dirigido a aquellas personas que quieren introducirse en el mundo de la gestión de la calidad y la excelencia en las organizaciones. Se ha diseñado para que pueda ser utilizado como manual docente en asignaturas relacionadas con la gestión de la calidad en las distintas titulaciones universitarias, tanto del ámbito de las ciencias económicas y empresariales, como de las ingenierías. Sin embargo, su utilidad no se limita al ámbito universitario, ya que su carácter práctico puede convertirle en una herramienta útil para directivos y profesionales que estén iniciando su formación en el campo de la gestión de la calidad y deseen aplicar herramientas de mejora en sus organizaciones.Este manual pretende ayudar a entender el funcionamiento de la gestión de la calidad y su vinculación con los principios de la excelencia empresarial. Para ello, junto con los planteamientos teóricos, se proporcionan numerosos ejemplos y actividades prácticas que permiten analizar la aplicación de la teoría a la realidad de las empresas y las organizaciones. Se incluyen también enlaces a recursos audiovisuales que están disponibles en Internet y que permiten desarrollar los contenidos de los capítulos o conocer alguna aplicación práctica de los mismos.Otras de las características distintivas de este manual es la inclusión en el mismo de la variable medioambiental como un elemento más en la gestión de la calidad en las organizaciones. Para facilitar el aprendizaje de los contenidos tratados, cada capítulo incluye un apartado final denominado Experiencias empresariales que nos acerca a la realidad de la gestión de la calidad y de la búsqueda de la excelencia en el entorno español e iberoamericano, ampliando el conocimiento de nuestro tejido empresarial más próximo, una de las principales carencias detectadas a lo largo de nuestra experiencia docente13aControl de calidad 13aGestión administrativa 13aCertificación13aGestión ambiental13aQuality control13aAdministrative management13aCertification13aEnvironmental management1 aChamorro Mera, Antonioeautor1 aRubio Lacoba, Sergioeautor